[Event "The New Year Challenge, 2019 Edition"]
[Site "SchemingMind.com"]
[Date "2019.05.18"]
[Round "-"]
[White "Derek Price"]
[Black "Henk Miedema"]
[Result "1-0"]
[WhiteCountry "ENG"]
[BlackCountry "NED"]
[WhiteElo "2278"]
[WhiteRD "76"]
[BlackElo "888"]
[BlackRD "76"]
[GameID "441343"]

1. c4 e5 2. Nc3 Nf6 3. Nf3 d6 4. g3 b6 5. Bg2 Be7 6. Nxe5 dxe5 7. Bxa8 O-O 8. Bg2 Bc5 9. O-O Be6 10. d3 Nc6
11. Bxc6 Bg4 12. Bg2 Bd4 13. Nb5 a6 14. Nxd4 exd4 15. Re1 c5 16. h3 Be6 17. e3 Qd7 18. Kh2 Ng4+ 19. hxg4 Bxg4 20. Qb3 Qd6
21. exd4 a5 22. dxc5 bxc5 23. Bf4 Qd4 24. Re3 Qd6 25. Bxd6 Rd8 26. Qb6 h6 27. Qxd8+ Kh7 28. Be4+ g6 29. Be5 h5 30. Qh8#
1-0

[Event "The New Year Challenge, 2019 Edition"]
[Site "SchemingMind.com"]
[Date "2019.05.18"]
[Round "-"]
[White "Henk Miedema"]
[Black "Derek Price"]
[Result "0-1"]
[WhiteCountry "NED"]
[BlackCountry "ENG"]
[WhiteElo "888"]
[WhiteRD "76"]
[BlackElo "2278"]
[BlackRD "76"]
[GameID "441344"]

1. d4 d5 2. e3 Nf6 3. b3 g6 4. Bb5+ c6 5. Bd3 Bg7 6. Nf3 O-O 7. Nc3 Nbd7 8. O-O Re8 9. Ba3 e5 10. Na4 e4
11. Ne1 exd3 12. Qxd3 b5 13. Qc3 bxa4 14. b4 Qb6 15. Nd3 Ne4 16. Qd2 Nxd2 17. Rfd1 Nc4 18. c3 Nxa3 19. Rd2 Nc4 20. Rc2 Qb5
21. h3 Nxe3 22. Rd2 Nf5 23. a3= Qc4 24. Rc1 Bh6 25. Nb2 Qb3
0-1

[Event "The New Year Challenge, 2019 Edition"]
[Site "SchemingMind.com"]
[Date "2019.05.19"]
[Round "-"]
[White "Derek Price"]
[Black "John C. Walton"]
[Result "0-1"]
[WhiteCountry "ENG"]
[BlackCountry "USA"]
[WhiteElo "2315"]
[WhiteRD "76"]
[BlackElo "2366"]
[BlackRD "100"]
[GameID "441345"]

1. c4 e5 2. Nc3 Bb4 3. Nd5 Bc5 4. Nf3 c6 5. Nc3 d6 6. e3 Qe7 7. d4 exd4 8. Nxd4 Nf6 9. Be2 O-O 10. O-O d5
11. cxd5 cxd5 12. b3 Nc6 13. Nxc6 bxc6 14. Bb2 Bd6 15. Bf3 Re8 16. g3 Bh3 17. Re1 Rad8 18. Qc2 h5 19. Ne2 Ne4 20. Bxh5 Qg5
21. Bf3 Nxf2 22. Nf4 Rxe3 23. Rxe3 Bxf4 24. Re2 Bxg3 25. Rxf2 Bxf2+ 26. Kxf2 Re8 27. Qc3 Qh4+ 28. Kg1 d4 29. Qd2 Re3 30. Qf2 Qf4
31. Bxc6 Qg4+ 32. Kh1 Re2 33. Qg3 Rxb2 34. Re1 Rxa2 35. b4 Re2 36. Rxe2 Qxe2 37. Qxh3 Qd1+ 38. Kg2 Qc2+ 39. Kg1 Qxc6 40. Qf5 Qg6+
41. Qxg6 fxg6 42. Kf2 Kf7 43. Kf3 Ke6 44. Ke4 d3 45. Kxd3 Kd5 46. Kc3 g5 47. Kb3 Ke4 48. Kc4 g4 49. Kb5 Kf3 50. Ka6 Kg2
51. b5 Kxh2 52. Kxa7 g3 53. b6 g2
0-1

[Event "The New Year Challenge, 2019 Edition"]
[Site "SchemingMind.com"]
[Date "2019.05.18"]
[Round "-"]
[White "John C. Walton"]
[Black "Derek Price"]
[Result "1-0"]
[WhiteCountry "USA"]
[BlackCountry "ENG"]
[WhiteElo "2344"]
[WhiteRD "98"]
[BlackElo "2304"]
[BlackRD "77"]
[GameID "441346"]

1. d4 d5 2. c4 c6 3. Nf3 Nf6 4. e3 e6 5. b3 Nbd7 6. Bb2 Bd6 7. Bd3 O-O 8. O-O Ne4 9. Nc3 f5 10. Ne2 Qf6
11. Qc1 Qe7 12. a4 a5 13. Ba3 b6 14. cxd5 Bxa3 15. Qxa3 Qxa3 16. Rxa3 exd5 17. Ra2 Bb7 18. Nf4 Rae8 19. h4 g6 20. Rc1 Rf7
21. Rac2 Ree7 22. Rxc6 Bxc6 23. Rxc6 Ndf6 24. Bxe4 Nxe4 25. Nxd5 Rb7 26. Ne5 Rf8 27. f3 Nd2 28. Kf2 Nxb3 29. h5 gxh5 30. Rc3 Nxd4
31. exd4 b5 32. axb5 Rxb5 33. Rc5 Rxc5 34. dxc5 a4 35. Nc4 Kf7 36. c6 Ke6 37. Nf4+ Ke7 38. c7 Kd7 39. Nd5 a3 40. Nxa3 Kd6
41. Nc4+ Kxd5 42. Nb6+ Kc6 43. c8=Q+ Rxc8 44. Nxc8 f4 45. Kg1 Kd7 46. Kh2 Ke6 47. Kh3 Kf5 48. Kh4 Kg6 49. Nb6 Kh6 50. Nd5
1-0

[Event "The New Year Challenge, 2019 Edition"]
[Site "SchemingMind.com"]
[Date "2019.05.18"]
[Round "-"]
[White "Derek Price"]
[Black "Mihir Chandrashekhar"]
[Result "1-0"]
[WhiteCountry "ENG"]
[BlackCountry "IND"]
[WhiteElo "2278"]
[WhiteRD "76"]
[BlackElo "1854"]
[BlackRD "54"]
[GameID "441347"]

1. c4 e5 2. Nc3 Nf6 3. Nf3 Nc6 4. g3 Bb4 5. Bg2 O-O 6. O-O e4 7. Ne1 Bxc3 8. dxc3 h6 9. Nc2 Re8 10. Ne3 d6
11. Qc2 Qe7 12. f4 b6 13. Nd5 Nxd5 14. cxd5 Nd8 15. Be3 Bb7 16. c4 f5 17. a4 a5 18. Bd4 Ra6 19. Rfc1 c6 20. Qb3 c5
21. Bc3 g5 22. Rf1 g4 23. Rad1 Qc7 24. Qb5 Re7 25. Bf6 Rd7 26. h3 h5 27. hxg4 hxg4 28. Kf2 Kf7 29. Bc3 Ra8 30. Rh1 Kg6
31. Rh4 Ba6 32. Qb3 Rh7 33. Rxg4+
1-0

[Event "The New Year Challenge, 2019 Edition"]
[Site "SchemingMind.com"]
[Date "2019.05.18"]
[Round "-"]
[White "Mihir Chandrashekhar"]
[Black "Derek Price"]
[Result "0-1"]
[WhiteCountry "IND"]
[BlackCountry "ENG"]
[WhiteElo "1850"]
[WhiteRD "67"]
[BlackElo "2259"]
[BlackRD "78"]
[GameID "441348"]

1. d4 d5 2. c4 c6 3. Nf3 Nf6 4. Nc3 e6 5. e3 Nbd7 6. Bd3 dxc4 7. Bxc4 b5 8. Bd3 Bb7 9. O-O a6 10. e4 c5
11. d5 Qc7 12. dxe6 fxe6 13. Re1 c4 14. Bc2 Bd6 15. e5 Nxe5 16. Nxe5 Bxe5
0-1

[Event "The New Year Challenge, 2019 Edition"]
[Site "SchemingMind.com"]
[Date "2019.05.22"]
[Round "-"]
[White "EdMoore"]
[Black "Derek Price"]
[Result "0-1"]
[WhiteCountry "ENG"]
[BlackCountry "ENG"]
[WhiteElo "1237"]
[WhiteRD "111"]
[BlackElo "2282"]
[BlackRD "77"]
[GameID "441461"]

1. d4 d5 2. c4 c6 3. Nf3 Nf6 4. Nc3 e6 5. g3 Nbd7 6. Bg2 dxc4 7. a4 Be7 8. O-O O-O 9. e4 e5 10. dxe5 Ng4
11. Bf4 Qa5 12. e6 fxe6 13. h3 Nge5
0-1

[Event "The New Year Challenge, 2019 Edition"]
[Site "SchemingMind.com"]
[Date "2019.05.21"]
[Round "-"]
[White "krzysztof"]
[Black "EdMoore"]
[Result "1-0"]
[WhiteCountry "POL"]
[BlackCountry "ENG"]
[WhiteElo "1589"]
[WhiteRD "72"]
[BlackElo "1237"]
[BlackRD "111"]
[GameID "441464"]

1. f4 d5 2. Nf3 Nf6 3. h3 e6 4. d4 Ne4 5. e3 Be7 6. Bd3 Bh4+ 7. g3 Bxg3+ 8. Kf1 Nf2 9. Qe2 Nxh1 10. Nc3 Nf2
11. Bd2 Nxd3 12. Qxd3 Bh4 13. Ke2 Nd7 14. Rg1 Bf6 15. Ne5 c5 16. e4 cxd4 17. Qxd4 O-O 18. Qf2 Nxe5 19. fxe5 Bxe5 20. Qg2 g6
21. Qg5 Qxg5 22. Rxg5
1-0

[Event "The New Year Challenge, 2019 Edition"]
[Site "SchemingMind.com"]
[Date "2019.05.21"]
[Round "-"]
[White "EdMoore"]
[Black "krzysztof"]
[Result "0-1"]
[WhiteCountry "ENG"]
[BlackCountry "POL"]
[WhiteElo "1237"]
[WhiteRD "111"]
[BlackElo "1589"]
[BlackRD "72"]
[GameID "441465"]

1. d4 c5 2. d5 Nf6 3. c4 d6 4. Nc3 a6 5. a4 Nbd7 6. e4 Ne5 7. f4 Ng6 8. Nf3 Bg4 9. h3 Bxf3 10. Qxf3 e5
11. f5 Ne7 12. g4 h6 13. h4 Nd7 14. g5 hxg5 15. hxg5 Rg8 16. Qh5 g6 17. Qf3 gxf5 18. exf5 Qb6
0-1

[Event "The New Year Challenge, 2019 Edition"]
[Site "SchemingMind.com"]
[Date "2019.05.22"]
[Round "-"]
[White "JAHI"]
[Black "EdMoore"]
[Result "1-0"]
[WhiteCountry "INT"]
[BlackCountry "ENG"]
[WhiteElo "2120"]
[WhiteRD "86"]
[BlackElo "1403"]
[BlackRD "122"]
[GameID "441466"]

1. c3 d5 2. c4 d4 3. e3 c5 4. exd4 cxd4 5. d3 e5 6. g3 Nf6 7. Bg5 Be7 8. Bxf6 Bxf6 9. Bg2 O-O 10. h3 Nc6
11. h4
1-0

[Event "The New Year Challenge, 2019 Edition"]
[Site "SchemingMind.com"]
[Date "2019.05.22"]
[Round "-"]
[White "EdMoore"]
[Black "JAHI"]
[Result "0-1"]
[WhiteCountry "ENG"]
[BlackCountry "INT"]
[WhiteElo "1237"]
[WhiteRD "111"]
[BlackElo "1975"]
[BlackRD "72"]
[GameID "441467"]

1. d4 d6 2. c4 d5 3. cxd5 Qxd5 4. Nc3 Qa5 5. e4 c6 6. Nf3 Bg4 7. Bc4 e6 8. O-O h6 9. a3 h5 10. Qb3 Qb6
11. Qxb6 axb6 12. Ne5 Bd6 13. Nxg4 hxg4
0-1

[Event "The New Year Challenge, 2019 Edition"]
[Site "SchemingMind.com"]
[Date "2019.05.22"]
[Round "-"]
[White "Henk Miedema"]
[Black "EdMoore"]
[Result "1-0"]
[WhiteCountry "NED"]
[BlackCountry "ENG"]
[WhiteElo "1011"]
[WhiteRD "76"]
[BlackElo "1237"]
[BlackRD "111"]
[GameID "441468"]

1. d4 d5 2. Nf3 Nf6 3. e3 c5 4. b3 Nc6 5. c4 cxd4 6. exd4 Bg4 7. Qe2 Nxd4 8. Qd3 Bxf3 9. Qxd4 Be4 10. Qc3 d4
11. Qa5 Qxa5+ 12. Ke2 Qe5 13. g3 Bxh1+ 14. Kd2 e6 15. Bb2 Ne4+ 16. Kc2= Bb4 17. Kd3 Nxf2+ 18. Kc2 Be4+ 19. Kc1
1-0

[Event "The New Year Challenge, 2019 Edition"]
[Site "SchemingMind.com"]
[Date "2019.05.22"]
[Round "-"]
[White "EdMoore"]
[Black "Henk Miedema"]
[Result "0-1"]
[WhiteCountry "ENG"]
[BlackCountry "NED"]
[WhiteElo "1237"]
[WhiteRD "111"]
[BlackElo "1011"]
[BlackRD "76"]
[GameID "441469"]

1. e4 d5 2. exd5 Qxd5 3. Nc3 Qd7 4. d4 e6 5. Nf3 Bd6 6. Bd3 Nc6 7. O-O Nf6 8. Re1 O-O 9. Bg5 Ng4 10. h3 f6
11. hxg4 a6 12. Bd2 Qe7 13. d5 Nb4 14. dxe6 Bxe6 15. Bf5 Bc4 16. Rxe7 Bxe7 17. b3 Bb5 18. Nxb5 axb5 19. Bxb4 Rad8= 20. Qxd8 Rxd8
21. Bxe7 Re8 22. Be6+ Kh8
0-1

[Event "The New Year Challenge, 2019 Edition"]
[Site "SchemingMind.com"]
[Date "2019.05.22"]
[Round "-"]
[White "EdMoore"]
[Black "John C. Walton"]
[Result "0-1"]
[WhiteCountry "ENG"]
[BlackCountry "USA"]
[WhiteElo "1237"]
[WhiteRD "111"]
[BlackElo "2183"]
[BlackRD "120"]
[GameID "441471"]

1. d4 Nf6 2. c4 e6 3. g3 Bb4+ 4. Bd2 Be7 5. Bg2 d5 6. Nf3 O-O 7. O-O c6 8. Qc2 Nbd7 9. b3 b6 10. Nc3 Ba6
11. cxd5 cxd5 12. Rfe1 Rc8 13. Qb2 Ne4
0-1

[Event "The New Year Challenge, 2019 Edition"]
[Site "SchemingMind.com"]
[Date "2019.05.21"]
[Round "-"]
[White "Mihir Chandrashekhar"]
[Black "EdMoore"]
[Result "1/2-1/2"]
[WhiteCountry "IND"]
[BlackCountry "ENG"]
[WhiteElo "1934"]
[WhiteRD "50"]
[BlackElo "1403"]
[BlackRD "122"]
[GameID "441472"]

1. e4 e6 2. d4 d5 3. e5 c5 4. c3 Nc6 5. Nf3 Qb6 6. a3 Nh6 7. b4 cxd4 8. cxd4 Nf5 9. Bb2 Bd7 10. g3 h5
11. Bg2 a5 12. O-O axb4 13. axb4 Rxa1 14. Bxa1 Bxb4 15. Nc3 Ncxd4 16. Nxd4 Nxd4 17. Nxd5 exd5 18. Bxd4 Bc5 19. Bxc5 Qxc5 20. Qxd5 Qxd5=
1/2-1/2

[Event "The New Year Challenge, 2019 Edition"]
[Site "SchemingMind.com"]
[Date "2019.05.21"]
[Round "-"]
[White "EdMoore"]
[Black "Mihir Chandrashekhar"]
[Result "1/2-1/2"]
[WhiteCountry "ENG"]
[BlackCountry "IND"]
[WhiteElo "1688"]
[WhiteRD "261"]
[BlackElo "1854"]
[BlackRD "54"]
[GameID "441473"]

1. d4 Nf6 2. c4 e6 3. g3 d5 4. Nf3 c5 5. cxd5 exd5 6. Nc3 Nc6 7. Bg2 Be7 8. O-O O-O 9. dxc5 Bxc5 10. Bg5 d4
11. Ne4 Be7 12. Bxf6 Bxf6 13. Nxf6+ Qxf6 14. Qd2=
1/2-1/2

[Event "The New Year Challenge, 2019 Edition"]
[Site "SchemingMind.com"]
[Date "2019.05.22"]
[Round "-"]
[White "Glenn O'Brien"]
[Black "Derek Price"]
[Result "0-1"]
[WhiteCountry "AUS"]
[BlackCountry "ENG"]
[WhiteElo "1949"]
[WhiteRD "86"]
[BlackElo "2301"]
[BlackRD "75"]
[GameID "441498"]

1. e4 c5 2. Nf3 d6 3. d4 cxd4 4. Nxd4 Nf6 5. Nc3 a6 6. Bg5 e6 7. f4 Be7 8. Qf3 h6 9. Bh4 Qc7 10. O-O-O Nbd7
11. Bd3 g5 12. fxg5 Ne5 13. Qe2 Nfg4 14. Nf3 hxg5 15. Bg3 Bd7 16. h3 Nxf3 17. hxg4 Rxh1 18. Rxh1 Nh4 19. Rf1 Bc6 20. Qf2 Kd7
21. Qxf7 Rf8 22. Qg7 Rxf1+ 23. Bxf1 Qb6 24. Kd2 Nxg2 25. Bxg2 Qg1 26. Bf3 Qxg3 27. Be2 Qf4+ 28. Kd3 Qf2 29. Qd4 Qg3+ 30. Qe3 Qe1
31. Qd4 Qc1 32. b3 Qe1 33. Qg7 b5 34. b4 Qg3+ 35. Kd2 Qf4+ 36. Kd3 a5 37. a3 a4 38. Qg8 Bf6 39. Qh7+ Kd8 40. Qg8+ Kc7
41. Qh7+ Kb6 42. Qh3 Be5 43. Qf3 Qc1 44. Nd1 Qxa3+ 45. c3 Qb3 46. Qe3+ Ka6 47. Qc1 Bxe4+ 48. Kd2 a3 49. Bd3 Bxd3
0-1

[Event "The New Year Challenge, 2019 Edition"]
[Site "SchemingMind.com"]
[Date "2019.05.22"]
[Round "-"]
[White "Derek Price"]
[Black "Glenn O'Brien"]
[Result "1-0"]
[WhiteCountry "ENG"]
[BlackCountry "AUS"]
[WhiteElo "2301"]
[WhiteRD "75"]
[BlackElo "1949"]
[BlackRD "86"]
[GameID "441499"]

1. c4 e5 2. Nc3 Nf6 3. Nf3 Nc6 4. g3 d5 5. cxd5 Nxd5 6. Bg2 Nb6 7. O-O Be7 8. a3 O-O 9. b4 Be6 10. Rb1 f6
11. Ne4 Ba2 12. Rb2 Bd5 13. Nc5 Nc4 14. Rb1 b6 15. Nb3 e4 16. Nfd4 Nxd4 17. Nxd4 c5 18. Nf5 cxb4 19. axb4 Qd7 20. Nxe7+ Qxe7
21. d3 Nd6 22. Bf4 Rad8 23. Qa4 f5 24. b5 g5 25. Bc1 h5 26. Bb2 Qf7 27. Rfc1 Rfe8 28. Qd4 Kh7 29. Qf6 g4 30. Qxf7+ Bxf7
31. Rc7 Kg6 32. dxe4 fxe4 33. Rxa7 Nxb5 34. Ra4 Kf5 35. f3 gxf3 36. exf3 e3 37. Rf4+ Kg6 38. Rf6+ Kh7 39. Rxf7+ Kg8 40. Rg7+ Kf8
41. Rh7 e2 42. Re1 Rd2 43. Ba1 Na3 44. Bg7+ Kg8 45. Rh8+ Kf7 46. Rxe8 Kxe8 47. Bh6 Rd1 48. Kf2 Rxe1 49. Kxe1 b5 50. Kxe2 Nc4
51. Bg7 Kf7 52. Bc3 Kg6 53. f4 h4 54. Bc6 hxg3 55. hxg3 Kf5 56. Bxb5 Nd6 57. Bd3+ Kg4 58. Kf2 Nb7 59. Be2+ Kf5 60. Kf3 Nd6
61. g4+ Ke6 62. g5 Kd5 63. g6 Nf5 64. Bd3 Nh4+ 65. Kg3
1-0

[Event "The New Year Challenge, 2019 Edition"]
[Site "SchemingMind.com"]
[Date "2019.05.22"]
[Round "-"]
[White "Glenn O'Brien"]
[Black "krzysztof"]
[Result "1-0"]
[WhiteCountry "AUS"]
[BlackCountry "POL"]
[WhiteElo "1943"]
[WhiteRD "83"]
[BlackElo "1585"]
[BlackRD "74"]
[GameID "441502"]

1. e4 e5 2. Nf3 Bc5 3. Bc4 d6 4. h3 h6 5. d3 a6 6. Nc3 Ne7 7. Be3 Bxe3 8. fxe3 Nbc6 9. O-O Ng6 10. Bxf7+ Kxf7
11. Nxe5+ Kg8 12. Nxg6 Rh7 13. Rf8+ Qxf8 14. Nxf8 Kxf8 15. Qh5 Be6 16. Qg6 Ke7 17. Qxh7 Rg8 18. Nd5+ Kd7 19. Nf6+ Kc8 20. Nxg8 Bxg8
21. Qxg8+ Nd8 22. Rf1 Kd7 23. Qxg7+ Kc6 24. Qe7 Nf7 25. Rxf7 Kb5 26. Qxc7
1-0

[Event "The New Year Challenge, 2019 Edition"]
[Site "SchemingMind.com"]
[Date "2019.05.24"]
[Round "-"]
[White "krzysztof"]
[Black "Glenn O'Brien"]
[Result "0-1"]
[WhiteCountry "POL"]
[BlackCountry "AUS"]
[WhiteElo "1585"]
[WhiteRD "74"]
[BlackElo "1943"]
[BlackRD "83"]
[GameID "441503"]

1. e3 e5 2. b3 d5 3. Bb2 Bd6 4. d4 e4 5. g3 Nf6 6. Bg2 Nc6 7. a3 O-O 8. Nd2 Bg4 9. Qc1 Re8 10. h3 Bh5
11. Ne2 Bxe2 12. Kxe2 Qc8 13. Qf1 b5 14. Kd1 a6 15. g4 Qe6 16. Bc1 Rad8 17. a4 bxa4 18. Rxa4 a5 19. Qa6 Bb4 20. Ba3 Nxd4
21. Qb7 Rb8 22. Qxc7 Nb5 23. Qxb8 Nc3+ 24. Kc1 Rxb8 25. Bxb4 Nxa4 26. Bxa5 Qe5 27. bxa4 Qa1+ 28. Nb1 Rxb1+ 29. Kd2 Rxh1 30. Bxh1 Qxh1
31. Bd8 Qf1 32. Kc3 Qxf2 33. Kd4 Qd2+ 34. Ke5 d4 35. Bxf6 gxf6+ 36. Kxf6 dxe3 37. Ke5 e2 38. Kf6 e1=Q 39. Ke7 Qh4+ 40. Ke8 Qhd8#
0-1

[Event "The New Year Challenge, 2019 Edition"]
[Site "SchemingMind.com"]
[Date "2019.05.22"]
[Round "-"]
[White "Glenn O'Brien"]
[Black "JAHI"]
[Result "1-0"]
[WhiteCountry "AUS"]
[BlackCountry "INT"]
[WhiteElo "1949"]
[WhiteRD "86"]
[BlackElo "1897"]
[BlackRD "69"]
[GameID "441504"]

1. e4 d6 2. d4 d5 3. e5 f6 4. Nf3 Bg4 5. Nc3 e6 6. Bb5+ c6 7. Bd3 fxe5 8. dxe5 Qc7 9. Qe2 Bb4 10. a3 Bxc3+
11. bxc3 Ne7 12. O-O h6 13. Re1 h5 14. h3 Bxf3 15. Qxf3 h4 16. Qg4 Kd7 17. Bg5 Na6 18. Bxe7
1-0

[Event "The New Year Challenge, 2019 Edition"]
[Site "SchemingMind.com"]
[Date "2019.05.24"]
[Round "-"]
[White "JAHI"]
[Black "Glenn O'Brien"]
[Result "1-0"]
[WhiteCountry "INT"]
[BlackCountry "AUS"]
[WhiteElo "1904"]
[WhiteRD "69"]
[BlackElo "1950"]
[BlackRD "85"]
[GameID "441505"]

1. c3 e5 2. d3 d5 3. d4 e4 4. f3 Nc6 5. fxe4 dxe4 6. g3 Nf6 7. Bg5 Qd5 8. Bxf6 gxf6 9. e3 h6 10. Nd2 Be7
11. Bg2 f5 12. Qe2 Be6 13. Nh3 Qa5 14. Nf4 O-O 15. h3 Bg5 16. h4 Bxf4 17. exf4 Bxa2 18. h5 Rfe8 19. g4 Nxd4 20. Rxa2 Qxa2
21. cxd4 e3 22. Nc4 Qb1+ 23. Qd1 Qxd1+ 24. Kxd1 e2+ 25. Kd2 Rad8 26. d5 fxg4 27. Ne5 g3 28. Re1 c6 29. Rxe2 cxd5 30. Re3 Re7
31. Rxg3+ Kh7 32. Kd3 Rc7 33. Kd4 f6 34. Ng6 Rc4+ 35. Kd3 Rb4 36. Kc2 d4 37. Be4 Kg7 38. Ne7+ Kf8 39. Nf5 Rc8+ 40. Kb1 Rc5
41. Rg6 Kf7 42. Nxh6+ Ke6 43. Ng8 Rcb5 44. Rxf6+ Kd7 45. h6 Rxb2+ 46. Kc1 Rf2 47. h7 Rh5 48. Rf7+ Kd6 49. Rf6+ Kc5 50. Rf5+ Rxf5
51. h8=Q R2xf4 52. Bxf5 Rxf5 53. Qh2 Rf1+ 54. Kd2 Ra1 55. Qc7+ Kb4 56. Ne7 Ra4 57. Qxb7+
1-0

[Event "The New Year Challenge, 2019 Edition"]
[Site "SchemingMind.com"]
[Date "2019.05.22"]
[Round "-"]
[White "Glenn O'Brien"]
[Black "Henk Miedema"]
[Result "1-0"]
[WhiteCountry "AUS"]
[BlackCountry "NED"]
[WhiteElo "1953"]
[WhiteRD "87"]
[BlackElo "888"]
[BlackRD "76"]
[GameID "441506"]

1. e4 e5 2. Nf3 d6 3. d4 Nc6 4. dxe5 f5 5. Bg5 fxe4 6. Bxd8 Kxd8 7. Ng5 Nxe5 8. Nc3 Be7 9. Ncxe4 Bg4 10. Qd5 Rb8
11. Nf7+ Nxf7 12. Qxf7 Nh6 13. Qxg7 Rg8 14. Qxh6 Rh8 15. Qg7 Rf8 16. Qxg4
1-0

[Event "The New Year Challenge, 2019 Edition"]
[Site "SchemingMind.com"]
[Date "2019.05.24"]
[Round "-"]
[White "Henk Miedema"]
[Black "Glenn O'Brien"]
[Result "0-1"]
[WhiteCountry "NED"]
[BlackCountry "AUS"]
[WhiteElo "902"]
[WhiteRD "77"]
[BlackElo "1943"]
[BlackRD "83"]
[GameID "441507"]

1. d4 Nf6 2. e3 d5 3. b3 Bf5 4. a4 Nc6 5. Ba3 e6 6. Bd3 Bxa3 7. Nxa3 Bxd3 8. Qxd3 Ne4 9. Nf3 a6 10. O-O Nb4
11. Qe2 O-O 12. Ne5 f6 13. Nb1 fxe5 14. dxe5 Qh4 15. c3 Nc6 16. Qe1 Nxe5 17. c4 Nd3 18. Qe2 Ndxf2 19. Na3 Qg5 20. b4 Nh3+
21. Kh1 Nef2+ 22. Rxf2 Rxf2 23. Qe1 Qxg2#
0-1

[Event "The New Year Challenge, 2019 Edition"]
[Site "SchemingMind.com"]
[Date "2019.05.23"]
[Round "-"]
[White "Glenn O'Brien"]
[Black "John C. Walton"]
[Result "0-1"]
[WhiteCountry "AUS"]
[BlackCountry "USA"]
[WhiteElo "1951"]
[WhiteRD "87"]
[BlackElo "2302"]
[BlackRD "99"]
[GameID "441508"]

1. e4 c5 2. Nf3 d6 3. d4 cxd4 4. Nxd4 Nf6 5. Nc3 a6 6. Bg5 e6 7. f4 h6 8. Bh4 Be7 9. Qf3 Nbd7 10. O-O-O Qc7
11. Bd3 g5 12. fxg5 Ne5 13. Qe2 Nfg4 14. Nf3 hxg5 15. Bg3 Bd7 16. h3 Nf6 17. Nxe5 dxe5 18. Bf2 Bc6 19. Rhf1 Nh5 20. g3 O-O-O
21. Qe3 Nf6 22. Qa7 Qb8 23. Qxb8+ Kxb8 24. Bb6 Rdf8 25. Rh1 Nd7 26. Be3 Kc7 27. Rh2 f5 28. Ba7 g4 29. h4 b6 30. exf5 exf5
31. Rhd2 Bc5 32. Bxa6 Be3 33. Kb1 Bxd2 34. Rxd2 Ra8 35. Nb5+ Bxb5 36. Bxb5 Rhd8 37. Rxd7+ Rxd7 38. Bxd7 Rd8 39. c4 Rxd7 40. c5 f4
41. Bxb6+ Kc6 42. gxf4 g3 43. fxe5 g2
0-1

[Event "The New Year Challenge, 2019 Edition"]
[Site "SchemingMind.com"]
[Date "2019.05.22"]
[Round "-"]
[White "John C. Walton"]
[Black "Glenn O'Brien"]
[Result "1-0"]
[WhiteCountry "USA"]
[BlackCountry "AUS"]
[WhiteElo "2279"]
[WhiteRD "100"]
[BlackElo "1949"]
[BlackRD "86"]
[GameID "441509"]

1. d4 Nf6 2. c4 e6 3. g3 d5 4. Nf3 dxc4 5. Bg2 Nc6 6. Qa4 Bb4+ 7. Bd2 Nd5 8. Bxb4 Nxb4 9. Nc3 Bd7 10. O-O a5
11. Qd1 O-O 12. e3 a4 13. Nxa4 Nxd4 14. Qxd4 Bxa4 15. Qxc4 Qe7 16. b3 Bc6 17. a3 Nd5 18. Nd4 Rxa3 19. Nxc6 bxc6 20. Qxc6 Rxa1
21. Rxa1 Nb4 22. Qc4 Rb8 23. Ra7 Qd6 24. Rxc7 Qd1+ 25. Bf1 Qd8 26. Qf4 f6 27. Rd7 Qf8 28. Bc4 Kh8 29. Bxe6 Ra8 30. Rf7 Ra1+
31. Kg2 Qa8+ 32. e4 Nd3 33. Qg4 Qg8 34. Rc7 Ne1+ 35. Kh3 Nd3 36. Qf5 Nxf2+ 37. Kg2 Nd1 38. Qc5 Ra2+ 39. Kg1 Qd8 40. Bd5 Ra1
41. Qe7 Ne3+ 42. Kf2
1-0

[Event "The New Year Challenge, 2019 Edition"]
[Site "SchemingMind.com"]
[Date "2019.05.22"]
[Round "-"]
[White "Glenn O'Brien"]
[Black "Mihir Chandrashekhar"]
[Result "0-1"]
[WhiteCountry "AUS"]
[BlackCountry "IND"]
[WhiteElo "1943"]
[WhiteRD "83"]
[BlackElo "1934"]
[BlackRD "50"]
[GameID "441510"]

1. e4 e5 2. Nf3 Nc6 3. Bb5 Nf6 4. O-O Nxe4 5. d4 Nd6 6. Bxc6 dxc6 7. dxe5 Nf5 8. Qxd8+ Kxd8 9. Nc3 Ke8 10. Rd1 Be7
11. h3 Nh4 12. Nxh4 Bxh4 13. Be3 h5 14. Rd4 Be7 15. Rad1 Be6 16. Ra1 c5 17. Nb5 cxd4 18. Nxc7+ Kd7 19. Nxe6 Kxe6 20. Bxd4 Rhd8
21. c3 b6 22. f4 Bc5 23. Bxc5 bxc5 24. a3 Rd2 25. b4 Rc2 26. bxc5 Rd8 27. Rb1 Rdd2 28. g4 hxg4 29. hxg4 Rxc3 30. c6 Rxc6
31. Re1 g6 32. Rf1 Rcc2 33. Rb1 Rg2+ 34. Kf1 Rcf2+ 35. Ke1 Rxf4 36. Rb8 Kxe5 37. Rb5+ Ke4 38. Rb4+ Kf3 39. Rb3+ Kxg4
0-1

[Event "The New Year Challenge, 2019 Edition"]
[Site "SchemingMind.com"]
[Date "2019.05.24"]
[Round "-"]
[White "Mihir Chandrashekhar"]
[Black "Glenn O'Brien"]
[Result "0-1"]
[WhiteCountry "IND"]
[BlackCountry "AUS"]
[WhiteElo "1934"]
[WhiteRD "50"]
[BlackElo "1943"]
[BlackRD "83"]
[GameID "441511"]

1. d4 Nf6 2. c4 e6 3. Nc3 Bb4 4. e3 O-O 5. Bd3 d5 6. Nf3 c5 7. a3 Bxc3+ 8. bxc3 dxc4 9. Bxc4 Qc7 10. Qc2 b6
11. Bb2 Bb7 12. Bd3 c4 13. Be2 b5 14. O-O Be4 15. Qd1 Qb7 16. Ne1 Nc6 17. f3 Bg6 18. e4 Na5 19. a4 Nb3 20. axb5 Nxa1
21. Bxc4 a6 22. Bxa1 axb5 23. Bb3 Rfd8 24. Nd3 Nd7 25. Bb2 Nb6 26. Nc5 Qc6 27. Qe2 Nd7 28. Nd3 Rdc8 29. Kh1 Qc7 30. f4 Nf6
31. Nc5 Qc6 32. e5 Ne4 33. f5 Nxc5 34. d5 exd5 35. fxg6 hxg6 36. Bc2 Na4
0-1

[Event "The New Year Challenge, 2019 Edition"]
[Site "SchemingMind.com"]
[Date "2019.05.27"]
[Round "-"]
[White "Glenn O'Brien"]
[Black "kenneth m day"]
[Result "1-0"]
[WhiteCountry "AUS"]
[BlackCountry "USA"]
[WhiteElo "1953"]
[WhiteRD "87"]
[BlackElo "1730"]
[BlackRD "54"]
[GameID "441699"]

1. e4 e5 2. Nf3 Nc6 3. Bb5 Nf6 4. O-O Nxe4 5. d4 Nd6 6. Bxc6 dxc6 7. dxe5 Ne4 8. Qe2 Nc5 9. Rd1 Bd7 10. Nc3 Be7
11. Be3 O-O 12. Bxc5 Bxc5 13. Ne4 Be7 14. Qe3 h6 15. Nd4 f5 16. exf6 Bxf6 17. Ne6 Qe7 18. Nxf8 Qxf8 19. Rxd7
1-0

[Event "The New Year Challenge, 2019 Edition"]
[Site "SchemingMind.com"]
[Date "2019.05.27"]
[Round "-"]
[White "kenneth m day"]
[Black "Glenn O'Brien"]
[Result "0-1"]
[WhiteCountry "USA"]
[BlackCountry "AUS"]
[WhiteElo "1745"]
[WhiteRD "50"]
[BlackElo "1951"]
[BlackRD "87"]
[GameID "441700"]

1. e4 e5 2. Nf3 Nc6 3. c3 Nf6 4. d4 exd4 5. e5 Nd5 6. Bc4 Nb6 7. Bb3 Be7 8. O-O O-O 9. cxd4 d6 10. Bf4 g5
11. Bg3 g4 12. Ne1 dxe5 13. Nc3 Qxd4 14. Qxd4 exd4 15. Nb5 Bd8 16. Rd1 Be6 17. Bxe6 fxe6 18. Nxd4 Nxd4 19. Rxd4 h5 20. f3 Nd5
21. fxg4 Rxf1+ 22. Kxf1 Ne3+ 23. Ke2 Nxg4 24. h3 Nh6 25. Be5 Nf7 26. Nd3 Nxe5 27. Nxe5 Bf6 28. Re4 Re8 29. Nd3 Kf7 30. b3 e5
31. Nb4 Ke6 32. Nd3 Kd6 33. Kf3 Bd8 34. Ke3 Kd5 35. Rb4 Bg5+ 36. Ke2 b6 37. a4 c5 38. Rb5 Kc6 39. b4 a6
0-1